Normal view
MARC view
Entry Personal Name
001 - CONTROL NUMBER
- control field: 328052
003 - CONTROL NUMBER IDENTIFIER
- control field: OSt
005 - DATE AND TIME OF LATEST TRANSACTION
- control field: 20220926022609.0
008 - FIXED-LENGTH DATA ELEMENTS
- fixed length control field: 220926|| aca||aabn | a|a d
040 ## - CATALOGING SOURCE
- Original cataloging agency: OSt
- Transcribing agency: OSt
100 ## - HEADING--PERSONAL NAME
- Personal name: United Natios Industrial Development Organization
670 ## - SOURCE DATA FOUND
- Source citation: Work cat.: (OSt)639857: United Natios Industrial Development Organization 328051, Planning and programming of the metal working indu, 1972
